000
00212 a2200097 4500
001
34646
100
_a
Wagner, Lisa D
245
_a
Outlook 2000 Fast and Easy
260
_a
ND
_b
BPB
_c
1999
090
_c
22929
_d
22929
942
_a
NUST-CAE
_c
M
_c
14368
999
_c
269719
_d
269719